Specific promoters for genetic engineering of rubber tree (Record no. 69143)

MARC details
000 -LEADER
fixed length control field 00588nam a2200181Ia 4500
100 ## - MAIN ENTRY--AUTHOR NAME
Personal name Pujade-Renaud V
245 #0 - TITLE STATEMENT
Title Specific promoters for genetic engineering of rubber tree
260 ## - PUBLICATION, DISTRIBUTION, ETC. (IMPRINT)
Name of publisher Biotechnology and Rubber Tree : Proceedings of IRRDB Symposium 25-28 September 2001. CIRAD-CP/Rubber Programme, Montpellier, France
650 ## - SUBJECT ADDED ENTRY--TOPICAL TERM
Topical Term Genetic engineering
650 ## - SUBJECT ADDED ENTRY--TOPICAL TERM
Topical Term Rubber tree
700 ## - ADDED ENTRY--PERSONAL NAME
Personal name Chrestin H
700 ## - ADDED ENTRY--PERSONAL NAME
Personal name Kongsawadworakul P
700 ## - ADDED ENTRY--PERSONAL NAME
Personal name Montoro P
700 ## - ADDED ENTRY--PERSONAL NAME
Personal name Phuangkosol N
700 ## - ADDED ENTRY--PERSONAL NAME
Personal name Sanier C
942 ## - ADDED ENTRY ELEMENTS (KOHA)
Koha item type Journals
Holdings
Withdrawn status Lost status Damaged status Not for loan Home library Current library Shelving location Date acquired Koha item type
      Journals RRII Library RRII Library Biotechnology 01/01/2021 Journals